U.S. State Capitals but with pictures of things with the same name - Statistics

General Stats
  • This quiz has been taken 16 times
  • The average score is 11 of 16
Answer Stats
Picture Answer % Correct
Jackson
100%
Washington D.C.
100%
Columbus
93%
Lincoln
93%
Jefferson City
80%
Phoenix
80%
Austin
67%
Columbia
67%
Madison
67%
Little Rock
60%
Montgomery
60%
Oklahoma City
53%
Salt Lake City
53%
Santa Fe
53%
Denver
40%
St. Paul
40%
No matching quizzes found
Score Distribution
Percent of People with Each Score
Percentile by Number Answered
Your Score History
You have not taken this quiz